Estadísticas para Jugadores españoles con más partidos en la selección

Haz click aquí para intentar la prueba.

Estadísticas generales

  • Esta prueba ha sido intentada 197 veces
  • La puntuación promedio es 15 de 24

Estadísticas de respuestas

Nº PartidosAños en la selecciónJugador% Correcto
1672000-2016Iker Casillas
96%
1802005- PresenteSergio Ramos
96%
1312006-2018Andrés Iniesta
93%
1022009-2018Gerard Piqué
93%
1332000-2014Xavi Hernández
92%
982005-2017David Villa
91%
1242009-PresenteSergio Busquets
87%
1021996-2006Raúl González
84%
1002000-2013Carles Puyol
83%
1102003-2014Fernando Torres
80%
752011- PresenteJordi Alba
80%
1132003-2014Xabi Alonso
76%
1252006-2018David Silva
70%
891989-2002Fernando Hierro
59%
652010-2017Pedro Rodríguez
55%
1102006-2016Cesc Fábregas
50%
691984-1992Emilio Butragueño
49%
1261985-1998Andoni Zubizarreta
47%
692002-2011Carlos Marchena
34%
812008-2019Santi Cazorla
32%
661985-1992Míchel González
24%
681977-1985Luis Miguel Arconada
20%
811975-1988José Antonio Camacho
15%
751978-1988Rafael Gordillo
11%

Distribución de puntuación

Porcentaje por número respondido

Porcentaje de gente con cada puntuación

Historial de tus puntuaciones

No has intentado esta prueba.